000 00694nam a2200265Ia 4500
003 OSt
005 20221006144107.0
006 a|||||r|||| 00| 0
007 ta
008 221006b |||||||| |||| 00| 0 eng d
020 _c150.00
024 _a10,856
037 _cTextual
040 _aEASL
_cEASL
_beng
041 _2eng
_aeng
082 _aQ:4(Y:1).1x, M3
100 _aCHOPRA P.N
245 0 _aContribution of Buddhism to world civilization and culture
260 _aNew Delhi
_bS. Chand and Company
_c1983
300 _a380p.
_ccm.
490 _v Gen
650 _aGen
942 _hQ:4(Y:1).1x, M3
_cTEXL
_2CC
999 _c1078942
_d1078942